00886nam a2200229Ia 450000500170000000800410001702000150005805000190007308200190009210000330011124501450014426000340028930000360032333600100035933700140036933800140038350501350039765000330053265000310056570000300059670000300062620231102151233.0120630s2006 mx a||| r 000 0 spa d a9701512138 aLB1044.84bS35 a371.334bS551e1 aSánchez G., Lizbetheautor13aEl uso de las TIC'sb : tecnologías de la información y la comunicaciónc / Lizbeth Sánchez G., Rafael Andrade E., Luis Guillén H.3 aMéxicob: Alfaomegac, 2006 a170 páginasb : ilustarciones atexto asin medio avolúmen aIntroducción a las tecnologías de información y la comunicación Sofware de aplicación Tecnologías de la comunicación14aTECNOLOGIAS DE INFORMACIÓN24aINTERNET EN LA EDUCACIÓN aAndrade E., Rafaeleautor aGuillén H., Luiseautor